| 000 | 01471nam0a2200337 4500 | ||
|---|---|---|---|
| 001 | RU\NLR\bibl\1884514 | ||
| 005 | 20260406130129.0 | ||
| 010 | _a978-5-353-05640-9 | ||
| 021 |
_aRU _b2011-103827 _994д/12 |
||
| 021 |
_aRU _b2013-36063 _92470 |
||
| 035 | _a(nilc)RSL-KNO-005412541 | ||
| 035 | _a(NLR Aleph) 001874255 | ||
| 090 |
_a2703228 _c2703228 |
||
| 100 | _a20120110d2011 |||y0rusy50 ca | ||
| 101 | 0 | _arus | |
| 102 | _aRU | ||
| 105 | _aa ||||||||| | ||
| 200 | 1 |
_aМалышам _e[сборник _eдля дошкольного и младшего школьного возраста] _fЛ. Толстой _gхудож. В. Канивец |
|
| 210 |
_aМосква _cРОСМЭН _cРОСМЭН-Пресс _d2011 |
||
| 215 |
_a137, [7] с. _cцв. ил. _d26 |
||
| 225 | 1 | _aСерия "В гостях у сказки" | |
| 327 | 1 | _aСодерж.: разделы: Рассказы из азбуки; Рассказы. Были. Описания; Сказки. Басни | |
| 686 |
_aШ9(2)6=Р50-4я44 _2rubbk |
||
| 700 | 1 |
_4070 _7ca _8rus _aТолстой _bЛ. Н. _f1828-1910 _gЛев Николаевич _9111537 _3RU\NLR\auth\771515 |
|
| 702 | 1 |
_4040 _7ca _8rus _aКанивец _bВ. М. _cхудожник-иллюстратор _f1957- _gВладимир Михайлович _944706 _3RU\NLR\auth\7761776 |
|
| 801 | 0 |
_aRU _bRuMoRKP _c20120110 _grcr |
|
| 801 | 1 |
_aRU _bРГБ _c20120110 |
|
| 801 | 2 |
_aRU _bNLR _c20120329 _grcr |
|
| 942 | _cBOOK | ||
| 980 | _aNB | ||